Sports Quiz

Random Sports Quiz

UFC poster boys 2012 Quiz Stats

 Plays Quiz not verified by Sporcle

Challenge
Share
Tweet
Embed
Score 0/105 Timer 15:00
0 Plays Today
Amount of posters apperared on Fighter % Correct
2Jon Jones
95.2%
2Anderson Silva
95.2%
1Wanderlei Silva
95.2%
2Antonio Silva
95.2%
2Thiago Silva
94.3%
1Erick Silva
94.3%
3Benson Henderson
91.4%
2Nate Diaz
89.5%
1Nick Diaz
89.5%
2Junior Dos Santos
88.6%
2Cain Velasquez
88.6%
2Rashad Evans
84.8%
2Chael Sonnen
84.8%
2Demetrious Johnson
84.8%
1Lavar Johnson
83.8%
1Cung Le
83.8%
2Frankie Edgar
82.9%
1Jose Aldo
82.9%
1Anthony Johnson
82.9%
2Michael Bisping
81%
2Mauricio Rua
80%
1Georges St-Pierre
80%
1Urijah Faber
79%
2Carlos Condit
78.1%
2Vitor Belfort
77.1%
1Quinton Jackson
76.2%
2Roy Nelson
76.2%
1Forrest Griffin
74.3%
2Jim Miller
74.3%
2Rich Franklin
74.3%
1BJ Penn
74.3%
1Lyoto Machida
74.3%
1Frank Mir
72.4%
1Renan Barao
71.4%
2Ryan Bader
70.5%
Amount of posters apperared on Fighter % Correct
1Tito Ortiz
69.5%
1Stephan Bonnar
69.5%
2Stefan Struve
66.7%
1Gray Maynard
64.8%
2Chris Weidman
63.8%
1Joseph Benavidez
63.8%
1Johny Hendricks
62.9%
1Chad Mendes
62.9%
1Josh Koscheck
61.9%
2Martin Kampmann
61.9%
2Donald Cerrone
61.9%
1Clay Guida
60%
1Phil Davis
60%
1DIego Sanchez
59%
1Antonio Rodrigo Nogueira
58.1%
1Jon Fitch
56.2%
1Rory MacDonald
55.2%
1Demian Maia
55.2%
3Jake Ellenberger
55.2%
1Ian McCall
55.2%
1Jake Shields
54.3%
1Mark Munoz
54.3%
1Matt Brown
54.3%
1Ross Pearson
54.3%
1Cheick Kongo
53.3%
2Pat Barry
53.3%
1Thiago Alves
53.3%
2Alexander Gustafsson
53.3%
2Melvin Guillard
53.3%
2Brian Stann
51.4%
1Dan Hardy
51.4%
1Brandon Vera
50.5%
1Chan-Sung Jung
49.5%
1Dustin Poirier
49.5%
1Stipe Miocic
48.6%
Amount of posters apperared on Fighter % Correct
1Matt Mitrione
47.6%
2Hector Lombard
45.7%
3Dave Herman
44.8%
1Tim Boetsch
43.8%
1Travis Browne
43.8%
2Rousimar Palhares
42.9%
1Glover Teixeira
41.9%
1Fabricio Werdum
40%
1Alan Belcher
37.1%
1George Sotiropoulos
36.2%
1Yosihiro Akiyama
35.2%
1Mike Swick
31.4%
2Amir Sadollah
29.5%
2Josh Neer
27.6%
1Dong Hyun Kim
27.6%
1Jeremy Stephens
26.7%
1Mike Russow
25.7%
1Spencer Fisher
25.7%
1Fabio Maldonado
25.7%
1Duane Ludwig
25.7%
1Shawn Jordan
23.8%
1Sam Stout
23.8%
1Alessio Sakara
22.9%
1Paulo Thiago
21.9%
1Justin Edwards
20%
1Joey Beltran
19%
1James Te-Huna
18.1%
1John Hathaway
18.1%
1John Maguire
17.1%
1Christian Morecraft
17.1%
1Jay Hieron
17.1%
1Aaron Simpson
16.2%
1Stanislav Nedkov
16.2%
1Jorge Lopez
15.2%
1Kenny Robertson
14.3%

You're not logged in!

Compare scores with friends on all Sporcle quizzes.
Join for Free
OR
Log In

You Might Also Like...

Show Comments

Extras

Created Feb 1, 2013ReportNominate
Tags:2012, amount, boy, event, fighter, MMA, official, poster, UFC

Top Quizzes Today


Score Distribution

Your Account Isn't Verified!

In order to create a playlist on Sporcle, you need to verify the email address you used during registration. Go to your Sporcle Settings to finish the process.

Report this User

Report this user for behavior that violates our Community Guidelines.

Details: